University Home | Library Home | Institutional Repository

A reconstruction of the basic Jemez pattern of social organization : (Record no. 119901)

MARC details
000 -LEADER
fixed length control field 00914cam6a220024100 4500
001 - CONTROL NUMBER
control field qce00882713
005 - DATE AND TIME OF LATEST TRANSACTION
control field 20190821150242.0
008 - FIXED-LENGTH DATA ELEMENTS--GENERAL INFORMATION
fixed length control field 740417s1964 nmua b 000 0 eng
010 ## - LIBRARY OF CONGRESS CONTROL NUMBER
LC control number 64024355
035 ## - SYSTEM CONTROL NUMBER
System control number (Sirsi) r92458
035 ## - SYSTEM CONTROL NUMBER
System control number (QCAT)lss00560655
035 ## - SYSTEM CONTROL NUMBER
System control number (UPRA)qce00882713
040 ## - CATALOGING SOURCE
Modifying agency UPRA
050 0# - LIBRARY OF CONGRESS CALL NUMBER
Classification number GN2
Item number .N4 no.11
100 1# - MAIN ENTRY--PERSONAL NAME
Personal name Ellis, Florence Hawley.
Linkage A51340.1
245 12 - TITLE STATEMENT
Title A reconstruction of the basic Jemez pattern of social organization :
Remainder of title with comparisons to other Tanoan social structures.
260 ## - PUBLICATION, DISTRIBUTION, ETC.
Place of publication, distribution, etc. Albuquerque :
Name of publisher, distributor, etc. University of New Mexico Press,
Date of publication, distribution, etc. 1964.
440 #0 - SERIES STATEMENT/ADDED ENTRY--TITLE
Title University of New Mexico publications in anthropology ;
Volume/sequential designation no. 11
Linkage S8172.1
504 ## - BIBLIOGRAPHY, ETC. NOTE
Bibliography, etc. note Bibliography: p. 62-65.
650 #0 - SUBJECT ADDED ENTRY--TOPICAL TERM
Topical term or geographic name entry element Jemez Indians -- Social life and customs.
General subdivision Jemez Indians -- Social life and customs.
Linkage S40276.1
949 ## - LOCAL PROCESSING INFORMATION (OCLC)
a GN2
w lcc
i -130095
m MAIN
t BOOK
l ON-SHELF

No items available.

© 2026 - The University of Zambia Library - Koha v25.11